Statistics for Kansas City Chiefs: Pro Bowl Selections

Click here to take the quiz!

General Stats

  • This quiz has been taken 547 times
    (262 since last reset)
  • The average score is 29 of 112

Answer Stats

PositionAmount of SelectionsPlayer% Correct
QB6Patrick Mahomes
99%
TE9Travis Kelce
91%
QB3Alex Smith
90%
WR1J.T. Smith
86%
DE5Neil Smith
86%
WR6Tyreek Hill
83%
DT4Chris Jones
78%
FB1Mack Lee Hill
78%
TE10Tony Gonzalez
77%
QB7Len Dawson
74%
RB4Jamaal Charles
69%
QB1Joe Montana
61%
RB3Priest Holmes
61%
C2Creed Humphrey
58%
RB1Robert Holmes
58%
LB9Derrick Thomas
57%
CB5Emmitt Thomas
54%
QB2Trent Green
51%
RB2Christian Okoye
50%
LB4Derrick Johnson
50%
RB2Larry Johnson
49%
T2Orlando Brown
49%
P1Tommy Townsend
49%
CB3Gary Green
48%
G2Joe Thuney
42%
G12Will Shields
40%
FB1Anthony Sherman
38%
CB5Eric Berry
38%
QB1Matt Cassel
37%
RB1Kareem Hunt
35%
DE2Frank Clark
34%
LB9Bobby Bell
33%
CB1Bobby Hunt
33%
CB2Marcus Peters
33%
T2Eric Fisher
32%
CB2Tyrann Mathieu
32%
QB1Elvis Grbac
31%
P2Dustin Colquitt
30%
WR1Dwayne Bowe
30%
LB4Justin Houston
29%
DE1Jared Allen
28%
RB1Marcus Allen
28%
WR3Otis Taylor
28%
DE5Tamba Hali
28%
WR2Dante Hall
27%
K5Jan Stenerud
26%
WR1Mecole Hardman
26%
LB8Willie Lanier
25%
T4Willie Roaf
21%
DT8Buck Buchanan
20%
LB1Dee Ford
20%
CB4Albert Lewis
19%
RB1Clyde Edwards-Helaire
19%
CB6Deron Cherry
19%
WR1Frank Jackson
19%
DT2Dontari Poe
18%
CB7Johnny Robinson
18%
QB1Bill Kenney
17%
RB3Kimble Anders
17%
QB1Steve Bono
17%
FB2Tony Richardson
15%
G5Brian Waters
14%
T2John Alt
13%
QB1Mike Livingston
13%
WR1Dexter McCluster
12%
G7Ed Budde
12%
DT2Curley Culp
11%
T9Jim Tyler
10%
RB1Joe Delaney
10%
CB2Kevin Ross
10%
RB2Mike Garrett
10%
CB1Brandon Flowers
9%
QB1Cotton Davidson
9%
K3Nick Lowery
9%
C4Jack Rudnay
8%
DE7Jerry Mays
8%
CB4Dale Carter
7%
C1Tim Grunhard
7%
WR1Andre Rison
6%
DT2Bill Maas
6%
LB1D.J. Alexander
6%
TE5Fred Arbanas
6%
LB1Jim Lynch
6%
DE4Art Still
5%
WR2Carlos Carson
5%
CB1Dave Webster
5%
CB1Duane Wood
5%
CB1Jerome Woods
5%
RB3Alber Haynes
4%
DT1Dan Saleaumua
4%
LB5E.J. Holub
4%
CB3Gary Barbaro
4%
G1Branden Albert
3%
FB3Curtis McClinton
3%
T1Jerry Cornelison
3%
C1Jon Gilliam
3%
LB4Sherrill Headrick
3%
P1Bob Grupp
2%
WR1Chris Buford
2%
CB3Dave Grayson
2%
LB1Dino Hackett
2%
DE1Gary Stills
2%
CB2James Hasty
2%
CB2Jim Marsalis
2%
C1Kendall Gammon
2%
CB1Lloyd Burruss
2%
DE3Mel Branch
2%
LB1Walt Corey
2%
G1Billy Krisher
1%
G1Marvin Terrell
1%
DT1Paul Rochester
1%
DE1Tommy Brooker
1%

Score Distribution

Percentile by Number Answered

Percent of People with Each Score

Your Score History

You have not taken this quiz since the last reset